000 00341nam a2200157Ia 4500
008 230917s9999||||xx |||||||||||||| ||und||
020 _cRS12.5
040 _e132333
_aMAIN
041 _aEnglish
082 _a822.09 G959P
100 _aGupta, R C
245 0 _aProblems plays
260 _bShiva
_c1961
300 _a339 p.
942 _cBK
999 _c64444
_d64444